[Event "AUTO-ADV-3823"]
[Site "http://www.queenalice.com/game.php?id=1475516"]
[Date "2017.4.27"]
[Round "1"]
[White "zmanomega"]
[Black "Crusader"]
[Result "0-1"]
[WhiteElo "1661"]
[BlackElo "1938"]

1. e4 e6 2. f4 d5 3. Bd3 c5 4. Nf3 c4 5. Be2 Bc5 6. e5 Ne7 7. c3 Bd7 8. d3 cxd3
9. Bxd3 a6 10. b4 Ba7 11. Qe2 O-O 12. Be3 Bxe3 13. Qxe3 Bc6 14. Bxh7+ Kxh7 15.
Ng5+ Kg6 16. h4 Nf5 17. h5+ Kh6 18. Qf3 d4 19. Qf2 Ne3 20. Rh3 Nxg2+ 21. Ke2
Bb5+ 22. Kf3 Qd5+ 23. Ne4 Bd3 24. Nd2 dxc3 25. Qxg2 cxd2 26. Kg4 Bxe4 27. Qe2
Bf5+ 0-1

[Event "AUTO-ADV-3823"]
[Site "http://www.queenalice.com/game.php?id=1475517"]
[Date "2017.4.27"]
[Round "1"]
[White "Crusader"]
[Black "miguel7"]
[Result "1-0"]
[WhiteElo "1976"]
[BlackElo "1837"]

1. e4 c5 2. Nf3 Nc6 3. d4 cxd4 4. Nxd4 e5 5. Nf3 Nf6 6. Bg5 h6 7. Bxf6 Qxf6 8.
a3 Bc5 9. Nc3 Nd4 10. Nd5 Qd6 11. Nxd4 Bxd4 12. c3 Bb6 13. Bd3 O-O 14. O-O a6
15. c4 Bd4 16. Rb1 Rb8 17. b4 b5 18. c5 Qe6 19. Bc2 d6 20. c6 Ra8 21. Bb3 Re8
22. Nc7 Qg6 23. Nxe8 Bh3 24. Qf3 Rxe8 25. Qxh3 Re7 26. Bd5 Kf8 27. Qc8+ Re8 28.
Qxa6 Re7 29. Qxb5 f5 30. Qd3 f4 31. b5 Bb6 32. a4 Qg4 33. h3 Qh4 34. Kh2 Ke8 35.
g3 fxg3+ 36. fxg3 Qh5 37. Qf3 Qg6 38. Qf8# 1-0

[Event "AUTO-ADV-3823"]
[Site "http://www.queenalice.com/game.php?id=1475518"]
[Date "2017.4.27"]
[Round "1"]
[White "miguel7"]
[Black "Crusader"]
[Result "0-1"]
[WhiteElo "1792"]
[BlackElo "1967"]

1. e4 e6 2. Nf3 d5 3. e5 c5 4. Bb5+ Nc6 5. Bxc6+ bxc6 6. d3 Ne7 7. b3 Ng6 8. Ba3
Ba6 9. c4 d4 10. Nbd2 Be7 11. Ne4 Qb6 12. h3 Qa5+ 13. b4 Qxa3 14. Nd6+ Bxd6 15.
exd6 Qxb4+ 16. Nd2 Bc8 17. Qb3 O-O 18. a3 Qa5 19. Ke2 Bd7 20. Ne4 Rab8 21. Qd1
Rb2+ 22. Kf3 f5 23. Ng3 Rd2 24. Qe1 Rxd3+ 25. Ke2 Nf4+ 26. Kf1 Qxe1+ 27. Kxe1
Rb8 28. Rh2 Rc3 29. Ne2 Nxe2 30. Kxe2 Rb2+ 31. Ke1 Rxc4 32. g4 e5 33. gxf5 Bxf5
34. h4 d3 35. Rh3 Bxh3 0-1

[Event "AUTO-ADV-3823"]
[Site "http://www.queenalice.com/game.php?id=1475519"]
[Date "2017.4.27"]
[Round "1"]
[White "Crusader"]
[Black "MariusLola"]
[Result "1-0"]
[WhiteElo "1885"]
[BlackElo "1895"]

1. e4 e5 2. Nf3 Nc6 3. Bc4 Nf6 4. Nc3 Nxe4 5. Nxe4 d5 6. Bd3 dxe4 7. Bxe4 Bd6 8.
O-O O-O 9. h3 a6 10. c3 Rb8 11. d4 exd4 12. Nxd4 Re8 13. Bxc6 1-0

[Event "AUTO-ADV-3823"]
[Site "http://www.queenalice.com/game.php?id=1475520"]
[Date "2017.4.27"]
[Round "1"]
[White "MariusLola"]
[Black "Crusader"]
[Result "0-1"]
[WhiteElo "1823"]
[BlackElo "1960"]

1. d4 d5 2. c4 e6 3. Nf3 Nf6 4. g3 Be7 5. Bg2 c6 6. O-O O-O 7. Qc2 Ne4 8. Nbd2
f5 9. Ne5 Nd7 10. f4 Ndf6 11. a3 Bd7 12. e3 Rc8 13. Qb3 b6 14. Qa4 Rc7 15. Nxe4
Nxe4 16. Bxe4 fxe4 17. cxd5 exd5 18. Bd2 Be8 19. Qc2 Bd6 20. Bb4 Bxb4 21. axb4
Qc8 22. Qe2 Bd7 23. Qh5 Rf5 24. Qe2 Be6 25. g4 Rf8 26. f5 Bf7 27. Qg2 Be8 28.
Qh3 c5 29. bxc5 bxc5 30. dxc5 Bb5 31. Rfc1 Rxc5 32. Re1 Qc7 33. Qg3 Re8 34. Ng6
Qxg3+ 35. hxg3 hxg6 0-1

[Event "AUTO-ADV-3821"]
[Site "http://www.queenalice.com/game.php?id=1488792"]
[Date "2017.8.4"]
[Round "2"]
[White "Rafale2000"]
[Black "Crusader"]
[Result "0-1"]
[WhiteElo "1996"]
[BlackElo "1963"]

1. d4 d5 2. Nf3 Nf6 3. Bf4 h6 4. e3 Nh5 5. Bg3 Nxg3 6. hxg3 Nc6 7. c4 e6 8. Nc3
a6 9. cxd5 exd5 10. Bd3 Bg4 11. Qb3 Bd6 12. Qxb7 Ne7 13. Qb3 O-O 14. Kd2 Rb8 15.
Qc2 c5 16. Be2 c4 17. Ne5 Bf5 18. e4 dxe4 19. Ke3 Bxe5 20. dxe5 Qc7 21. Nxe4
Qb6+ 22. Kf4 g5+ 0-1

[Event "AUTO-ADV-3821"]
[Site "http://www.queenalice.com/game.php?id=1488793"]
[Date "2017.8.4"]
[Round "2"]
[White "Crusader"]
[Black "Rafale2000"]
[Result "0-1"]
[WhiteElo "1980"]
[BlackElo "1958"]

1. e4 Nf6 2. e5 Nd5 3. d4 d6 4. c4 Nb6 5. f4 dxe5 6. fxe5 Nc6 7. Be3 Bf5 8. h3
e6 9. Nf3 Bxb1 10. Qxb1 Be7 11. a3 f6 12. exf6 Bxf6 13. Qe4 O-O 14. Bd3 g6 15.
O-O-O Qd7 16. c5 Nd5 17. Bh6 Bg7 18. Bxg7 Kxg7 19. h4 Rf4 20. Qe1 Re8 21. Bb5
Qe7 22. Qg3 Nxd4 23. Bxe8 Qxc5+ 24. Kb1 Qc2+ 0-1

[Event "AUTO-ADV-3821"]
[Site "http://www.queenalice.com/game.php?id=1488794"]
[Date "2017.8.4"]
[Round "2"]
[White "Paulobraz"]
[Black "Crusader"]
[Result "1-0"]
[WhiteElo "1937"]
[BlackElo "1948"]

1. g3 e5 2. Bg2 d5 3. Nf3 Nc6 4. d3 Nf6 5. O-O Bd6 6. Bg5 Be6 7. Nc3 h6 8. Bd2
a6 9. e4 d4 10. Ne2 Qd7 11. c3 dxc3 12. bxc3 O-O 13. d4 exd4 14. cxd4 Nxe4 15.
Be3 Bh3 16. Qd3 Bxg2 17. Kxg2 Rae8 18. d5 Nb4 19. Qd1 a5 20. a3 Na6 21. Qd3 Nac5
22. Bxc5 Nxc5 23. Qc2 a4 24. Ned4 Be5 25. Qxc5 Bd6 26. Qc2 b5 27. Nf5 1-0

[Event "AUTO-ADV-3821"]
[Site "http://www.queenalice.com/game.php?id=1488795"]
[Date "2017.8.4"]
[Round "2"]
[White "Crusader"]
[Black "Paulobraz"]
[Result "0-1"]
[WhiteElo "2001"]
[BlackElo "1891"]

1. e4 g6 2. d4 Bg7 3. Nf3 d6 4. Bc4 Nf6 5. Nc3 O-O 6. h3 a6 7. O-O b5 8. Bd3 Bb7
9. a3 Nc6 10. Be3 Qe8 11. Qd2 e5 12. d5 Ne7 13. Bh6 c6 14. Bxg7 Kxg7 15. dxc6
Bxc6 16. Rad1 d5 17. exd5 Nexd5 18. Nxd5 Bxd5 19. Nh4 e4 20. Be2 Rd8 21. f4 exf3
22. Nxf3 Bxf3 23. Qxd8 Qxe2 0-1

[Event "AUTO-ADV-3823"]
[Site "http://www.queenalice.com/game.php?id=1490072"]
[Date "2017.8.13"]
[Round "2"]
[White "Profnabor"]
[Black "Crusader"]
[Result "1-0"]
[WhiteElo "1924"]
[BlackElo "1981"]

1. e4 e6 2. Nf3 d5 3. e5 c5 4. b4 cxb4 5. d4 Ne7 6. a3 bxa3 7. Bxa3 Nbc6 8. c3
Ng6 9. Bxf8 Nxf8 10. Na3 a6 11. Nb5 Nd7 12. Nd6+ Ke7 13. Ng5 Qa5 14. Rxa5 1-0

[Event "AUTO-ADV-3823"]
[Site "http://www.queenalice.com/game.php?id=1490073"]
[Date "2017.8.13"]
[Round "2"]
[White "Crusader"]
[Black "Profnabor"]
[Result "0-1"]
[WhiteElo "1963"]
[BlackElo "1987"]

1. e4 e5 2. Nf3 Nc6 3. Bc4 Nf6 4. d3 d5 5. exd5 Nxd5 6. h3 Be6 7. O-O Be7 8. Bb5
O-O 9. Bxc6 bxc6 10. Nxe5 Qe8 11. c4 Nf6 12. Nc3 Rd8 13. Qf3 c5 14. Nc6 Ra8 15.
Bg5 h6 16. Rfe1 hxg5 0-1

[Event "AUTO-ADV-3823"]
[Site "http://www.queenalice.com/game.php?id=1490074"]
[Date "2017.8.13"]
[Round "2"]
[White "Shizumaru_Hisame"]
[Black "Crusader"]
[Result "1-0"]
[WhiteElo "1867"]
[BlackElo "1932"]

1. e4 e6 2. d4 d5 3. e5 c5 4. f4 Nc6 5. Nf3 Qb6 6. c3 cxd4 7. cxd4 Nge7 8. Be2
Nf5 9. Qa4 Bd7 10. Nbd2 Nxe5 11. Qd1 Ne3 12. Qb3 Nxf3+ 13. Bxf3 Qxb3 14. Nxb3
Nc2+ 15. Kf2 Nxa1 16. Nxa1 Rc8 17. Re1 Bd6 18. h4 O-O 19. g4 Rc7 20. h5 Rfc8 21.
Nb3 1-0

[Event "AUTO-ADV-3823"]
[Site "http://www.queenalice.com/game.php?id=1490075"]
[Date "2017.8.13"]
[Round "2"]
[White "Crusader"]
[Black "Shizumaru_Hisame"]
[Result "0-1"]
[WhiteElo "1913"]
[BlackElo "1886"]

1. e4 e5 2. Nf3 Nc6 3. Bc4 d6 4. h3 Na5 5. Be2 Nf6 6. Nc3 b6 7. d3 Nc6 8. O-O d5
9. Bg5 dxe4 10. Nxe4 Be7 11. Ng3 O-O 12. a3 Qd6 13. Re1 Re8 14. Qd2 Nd5 15. Nh2
Nf4 16. Bxe7 Nxe7 17. Bf3 c6 18. Ng4 f6 19. Ne4 Qe6 20. Ne3 f5 21. Nc3 h5 0-1

[Event "AUTO-INT-3238"]
[Site "http://www.queenalice.com/game.php?id=1507841"]
[Date "2017.12.13"]
[Round "2"]
[White "Givanildo"]
[Black "Crusader"]
[Result "0-1"]
[WhiteElo "1503"]
[BlackElo "1852"]

1. d4 d5 2. Bf4 e6 3. e3 Nf6 4. h3 Bd6 5. Bb5+ c6 6. Bd3 Bxf4 7. exf4 Nbd7 8.
Nf3 Ne4 9. Bxe4 dxe4 10. Ne5 O-O 11. O-O f5 12. Nc3 c5 13. dxc5 Nxc5 14. Qxd8
Rxd8 15. Nb5 Na6 16. c3 Bd7 17. Nd6 Bc6 18. a4 Rxd6 19. Nc4 Rd5 20. Ne5 Rad8 21.
b4 Be8 22. c4 Rd2 23. b5 Nc5 24. a5 Nd3 25. Nxd3 R8xd3 26. a6 b6 27. c5 bxc5 28.
b6 Rd8 29. b7 Rb8 30. Rac1 Bb5 31. Rxc5 Bxf1 32. Kxf1 Kf7 33. Rc7+ Kf6 34. g4
Rd6 35. g5+ Kg6 36. Rc8 Rd8 37. Rc6 Re8 38. h4 Kh5 39. Kg2 Kxh4 40. Rc7 Rg8 41.
Re7 Rbe8 42. Rf7 Kg4 43. Rc7 Kxf4 44. Rc4 Kxg5 45. Kg3 h5 46. f3 f4+ 47. Kh3
exf3 48. Rc5+ e5 49. Rc3 e4 50. Rc1 e3 51. Rg1+ Kf5 52. Rf1 e2 53. Rxf3 e1=Q 54.
b8=Q Rxb8 55. Rf2 Rb3+ 56. Kg2 Rg3+ 57. Kh2 Qg1# 0-1

[Event "AUTO-INT-3238"]
[Site "http://www.queenalice.com/game.php?id=1507842"]
[Date "2017.12.13"]
[Round "2"]
[White "Crusader"]
[Black "Givanildo"]
[Result "1-0"]
[WhiteElo "1846"]
[BlackElo "1588"]

1. e4 d5 2. exd5 Qxd5 3. Nc3 Qe6+ 4. Qe2 Qxe2+ 5. Bxe2 Bf5 6. d3 h6 7. Nf3 e6 8.
Nb5 Na6 9. Bf4 Nf6 10. O-O-O Nb4 11. Nxc7+ Kd8 12. Nxa8 Bc5 13. a3 Nbd5 14. Bg3
Ke7 15. Nc7 Nxc7 16. Bxc7 Bxf2 17. Ba5 b6 18. Bb4+ Kd8 19. c4 a5 20. Bd2 Ke7 21.
Rhf1 Bh4 22. Ne5 Rc8 23. g3 Bg5 24. Bxg5 hxg5 25. g4 Bh7 26. Bf3 Rc5 27. Rfe1 b5
28. b3 bxc4 29. dxc4 a4 30. b4 Rc7 31. c5 Nd5 32. Bxd5 exd5 33. Rxd5 Ke6 34.
Rd6+ Ke7 35. Nc6+ Kf8 36. Rd8# 1-0

[Event "AUTO-INT-3238"]
[Site "http://www.queenalice.com/game.php?id=1507843"]
[Date "2017.12.13"]
[Round "2"]
[White "Bulldozer"]
[Black "Crusader"]
[Result "1/2-1/2"]
[WhiteElo "1792"]
[BlackElo "1848"]

1. e4 e6 2. d4 d5 3. e5 c5 4. c3 Nc6 5. Nf3 Qb6 6. Bd3 Bd7 7. Bc2 cxd4 8. cxd4
Bb4+ 9. Nc3 Nge7 10. O-O Ng6 11. Be3 O-O 12. a3 Be7 13. Rb1 f5 14. exf6 Bxf6 15.
Na4 Qc7 16. Nc5 Rac8 17. Nxd7 1/2-1/2

[Event "AUTO-INT-3238"]
[Site "http://www.queenalice.com/game.php?id=1507844"]
[Date "2017.12.13"]
[Round "2"]
[White "Crusader"]
[Black "Bulldozer"]
[Result "1/2-1/2"]
[WhiteElo "1850"]
[BlackElo "1790"]

1. e4 e5 2. Nf3 Nc6 3. Bc4 h6 4. Nc3 Nf6 5. a3 Be7 6. d3 d6 7. h3 Bd7 8. Be3 O-O
9. O-O a6 10. Nd5 Be6 11. Nxf6+ Bxf6 12. Bxe6 fxe6 13. c3 d5 14. Qe2 d4 15. Bd2
Qd7 16. Rac1 Na5 1/2-1/2

[Event "AUTO-ADV-4068"]
[Site "http://www.queenalice.com/game.php?id=1542028"]
[Date "2018.9.12"]
[Round "1"]
[White "ismaelfln"]
[Black "Crusader"]
[Result "0-1"]
[WhiteElo "1603"]
[BlackElo "1886"]

1. e4 e6 2. e5 d5 3. exd6 cxd6 4. d4 Nf6 5. Bg5 Be7 6. Bxf6 Bxf6 7. Bb5+ Nd7 8.
Bxd7+ Bxd7 9. Nf3 O-O 10. O-O Bc6 11. Nc3 Qb6 12. b3 Qb4 13. Qd2 Bxf3 14. gxf3
Rac8 15. a3 Qxc3 16. Qxc3 Rxc3 17. Kg2 Bxd4 18. Rad1 e5 19. f4 Rxc2 20. fxe5
Bxe5 21. Kh3 Rc3+ 22. Kg2 Rxb3 23. Rb1 Rxb1 24. Rxb1 b6 25. h4 h5 26. Rc1 f6 27.
Rc7 a5 28. Rc6 Rb8 0-1

[Event "AUTO-ADV-4068"]
[Site "http://www.queenalice.com/game.php?id=1542029"]
[Date "2018.9.12"]
[Round "1"]
[White "Crusader"]
[Black "ismaelfln"]
[Result "0-1"]
[WhiteElo "1891"]
[BlackElo "1627"]

1. e4 e5 2. Nf3 Nc6 3. Bc4 h6 4. d3 Nf6 5. Nc3 Bb4 6. Bd2 Bxc3 7. Bxc3 d6 8. h3
a6 9. O-O O-O 10. a3 b5 11. Ba2 a5 12. b4 a4 13. Qe2 Be6 14. Bxe6 fxe6 15. Rad1
d5 16. Nxe5 Nxe5 17. Bxe5 Nd7 18. Bb2 c5 19. Qg4 Qg5 20. Qxe6+ Rf7 21. f4 Qg3
22. Rf3 Qh4 23. f5 dxe4 24. dxe4 Qe7 25. Qxe7 Rxe7 26. Rfd3 Nb6 27. Rd8+ Rxd8
28. Rxd8+ Kh7 29. e5 cxb4 30. axb4 Nc4 31. f6 gxf6 32. Bd4 fxe5 33. Bc3 Ne3 34.
Rb8 Nxc2 35. Rxb5 e4 36. h4 e3 0-1

[Event "AUTO-ADV-4068"]
[Site "http://www.queenalice.com/game.php?id=1542046"]
[Date "2018.9.12"]
[Round "1"]
[White "Crusader"]
[Black "chessman"]
[Result "0-1"]
[WhiteElo "1876"]
[BlackElo "1975"]

1. e4 e6 2. d4 d5 3. e5 c5 4. c3 Nc6 5. Nf3 cxd4 6. cxd4 Bd7 7. Nc3 Bb4 8. Be2
Nge7 9. O-O a6 10. Bd3 Qb6 11. Bc2 Ng6 12. a3 Be7 13. Rb1 O-O 14. h3 Rac8 15.
Be3 Na7 16. Ng5 Bxg5 17. f4 Be7 18. f5 Nxe5 19. fxe6 Bxe6 20. Na4 Qc7 21. Rc1
Nc4 22. Bf2 Qd8 23. Rb1 b5 0-1

[Event "AUTO-ADV-4068"]
[Site "http://www.queenalice.com/game.php?id=1542047"]
[Date "2018.9.12"]
[Round "1"]
[White "chessman"]
[Black "Crusader"]
[Result "0-1"]
[WhiteElo "2013"]
[BlackElo "1854"]

1. e4 e6 2. d4 d5 3. e5 c5 4. c3 Nc6 5. f4 Qb6 6. Nf3 Bd7 7. Be2 Rc8 8. O-O Nge7
9. a3 cxd4 10. cxd4 Nf5 11. Nc3 Ncxd4 12. Nxd4 Nxd4 13. Kh1 Nxe2 14. Qxe2 Be7
15. Qg4 O-O 16. Nxd5 exd5 17. f5 Rc4 18. Qg3 Kh8 19. f6 gxf6 20. Be3 Qxb2 0-1

[Event "AUTO-ADV-4068"]
[Site "http://www.queenalice.com/game.php?id=1542048"]
[Date "2018.9.12"]
[Round "1"]
[White "Crusader"]
[Black "fabricioprado"]
[Result "1-0"]
[WhiteElo "1875"]
[BlackElo "1740"]

1. e4 e5 2. Nf3 Nc6 3. Bc4 Be7 4. d3 Nf6 5. a3 O-O 6. Nc3 d6 7. O-O a6 8. h3 b5
9. Bb3 Bb7 10. Be3 Na7 11. Ne2 c5 12. Ng3 Qc7 13. Qe2 h6 14. Nf5 Rac8 15. Nh2
Nc6 16. f4 Nd4 17. Nxd4 Qd7 18. Nf5 Kh7 19. Ng4 Nxg4 20. Qxg4 Bf6 21. fxe5 Bxe5
22. Qh5 g6 23. Qxh6+ Kg8 24. Qxg6+ Kh8 25. Qh6+ Kg8 26. Rf4 1-0

[Event "AUTO-ADV-4068"]
[Site "http://www.queenalice.com/game.php?id=1542049"]
[Date "2018.9.12"]
[Round "1"]
[White "fabricioprado"]
[Black "Crusader"]
[Result "0-1"]
[WhiteElo "1750"]
[BlackElo "1864"]

1. e4 e6 2. e5 d5 3. d4 c5 4. c3 Nc6 5. Nf3 Qb6 6. Be2 Nge7 7. Qc2 Ng6 8. dxc5
Bxc5 9. O-O Ncxe5 10. b4 Bd6 11. Nbd2 O-O 12. Bb2 Bd7 13. a4 Rac8 14. a5 Qxb4
15. cxb4 Rxc2 16. Ba3 Nxf3+ 17. Nxf3 Rxe2 18. h3 Bc6 19. Nd4 Rd2 20. Nxc6 bxc6
21. Rfd1 Rxd1+ 22. Rxd1 Rb8 0-1